Liiga Teams - Statistics

General Stats
  • This quiz has been taken 7 times
  • The average score is 3 of 16
Answer Stats
Answer % Correct
Porin Assat
67%
Rauman Lukko
50%
Helsinki HIFK
33%
Lahden Pelicans
33%
Oulun Karpat
33%
Tampereen Ilves
33%
Kiekko-Espoo
17%
Lappeenranta Saipa
17%
Mikkelin Jukurit
17%
Hameenlinna HPK
0%
Jyvaskyla Jyp
0%
KooKoo Kouvola
0%
Kuopio Kalpa
0%
Tappara Tampere
0%
Turku TPS
0%
Vassan Sport
0%
No matching quizzes found
Score Distribution
Percent of People with Each Score
Percentile by Number Answered
Your Score History
You have not taken this quiz